[Event "Pamplona op"]
[Site "Pamplona"]
[Date "2002.02.02"]
[Round "6"]
[White "Huesmann, Thomas"]
[Black "Ayucar Diaz de Cerio, Javier"]
[Result "0-1"]
[WhiteElo "2263"]
[BlackElo "2008"]
[PlyCount "68"]
[EventDate "2001.12.05"]
[EventType "swiss"]
[EventRounds "9"]
[EventCountry "ESP"]
[SourceTitle "EXT 2003"]
[Source "ChessBase"]
[SourceDate "2002.11.25"]
[SourceVersion "1"]
[SourceVersionDate "2002.11.25"]
[SourceQuality "1"]

1. e4 c5 2. Nc3 Nc6 3. f4 g6 4. Nf3 Bg7 5. Bc4 e6 6. f5 Nge7 7. fxe6 fxe6 8. d3 0-0 9. 0-0 d5 10. Bb3 b5 11. Nxb5 Bb7 12. Qe1 Qb6 13. exd5 exd5 14. Qe6+ Kh8 15. Nd6 Rf6 16. Nf7+ Kg8 17. Nh6+ Kh8 18. Qe2 c4+ 19. Be3 Re6 20. Ng5 Bxh6 21. Nf7+ Kg7 22. Bxb6 Rxe2 23. dxc4 axb6 24. Nxh6 Kxh6 25. cxd5 Na5 26. c4 Nxb3 27. axb3 Nxd5 28. Rxa8 Bxa8 29. Rf8 Bc6 30. Rb8 Ne3 31. Rxb6 Rxg2+ 32. Kh1 Rxb2+ 33. Kg1 Rg2+ 34. Kh1 Rf2+ 0-1

[Event "Pamplona op"]
[Site "Pamplona"]
[Date "2002.01.05"]
[Round "9"]
[White "Ayucar Diaz de Cerio, Javier"]
[Black "Gonzalez de la Torre, Santiago"]
[Result "0-1"]
[WhiteElo "2008"]
[BlackElo "2292"]
[PlyCount "60"]
[EventDate "2001.12.05"]
[EventType "swiss"]
[EventRounds "9"]
[EventCountry "ESP"]
[SourceTitle "EXT 2003"]
[Source "ChessBase"]
[SourceDate "2002.11.25"]
[SourceVersion "1"]
[SourceVersionDate "2002.11.25"]
[SourceQuality "1"]

1. e4 c5 2. c3 Nf6 3. e5 Nd5 4. d4 cxd4 5. Nf3 Nc6 6. Bc4 Nb6 7. Bb3 d6 8. exd6 Qxd6 9. 0-0 Be6 10. Bxe6 Qxe6 11. Nxd4 Nxd4 12. Qxd4 Rd8 13. Qh4 Qe2 14. Be3 Rd1 15. Nd2 Rxd2 16. Bxd2 Qxd2 17. Rfd1 Qe2 18. a4 Qc4 19. Rd4 Qc6 20. Rad1 f6 21. a5 Nc8 22. Qg4 Nd6 23. Qe6 Kd8 24. c4 Kc7 25. b4 Kb8 26. c5 Nc8 27. Qf7 g5 28. Rd8 Qa4 29. a6 Bh6 30. Qxe7 Qxd1+ 0-1

[Event "Pamplona op"]
[Site "Pamplona"]
[Date "2001.12.31"]
[Round "5"]
[White "Ayucar Diaz de Cerio, Javier"]
[Black "Carasusan Izcue, Santiago"]
[Result "1/2-1/2"]
[WhiteElo "2008"]
[BlackElo "2128"]
[PlyCount "83"]
[EventDate "2001.12.05"]
[EventType "swiss"]
[EventRounds "9"]
[EventCountry "ESP"]
[SourceTitle "EXT 2003"]
[Source "ChessBase"]
[SourceDate "2002.11.25"]
[SourceVersion "1"]
[SourceVersionDate "2002.11.25"]
[SourceQuality "1"]

1. d4 d5 2. c4 e6 3. Nc3 Nf6 4. Bg5 Be7 5. e3 0-0 6. Nf3 h6 7. Bh4 Ne4 8. Bxe7 Qxe7 9. Rc1 c6 10. Bd3 Nxc3 11. Rxc3 dxc4 12. Bxc4 Nd7 13. 0-0 e5 14. Re1 e4 15. Nd2 Nf6 16. Qb1 Bf5 17. b4 a6 18. Rcc1 Rfd8 19. a4 Ng4 20. f3 Nf6 21. Rf1 Rd7 22. fxe4 Bxe4 23. Bxf7+ Kh8 24. Nxe4 Nxe4 25. Rc2 Nd2 26. Rxd2 Qxe3+ 27. Rdf2 Rxf7 28. Qb2 Rd8 29. Qd2 Qxd2 30. Rxd2 Rfd7 31. Rf4 Kg8 32. Kf2 Rd5 33. Ke3 R8d7 34. Re4 Rh5 35. h3 Rg5 36. g4 Rgd5 37. Rf2 h5 38. Rf5 hxg4 39. Rxd5 Rxd5 40. Rxg4 a5 41. Kd3 Kf7 42. Kc4 1/2-1/2